CS2 Starladder Budapest major 2025 teams - Statistics

General Stats
  • This quiz has been taken 112 times
  • The average score is 23 of 32
Answer Stats
Teams Answer % Correct
Stage 3 Team Vitality
99%
Stage 3 Team Spirit
95%
Stage 1 FaZe Clan
94%
Stage 3 Furia
94%
Stage 2 Natus Vincere
90%
Stage 3 The MongolZ
89%
Stage 3 Mouz
86%
Stage 3 Team Falcons
86%
Stage 2 Team Liquid
82%
Stage 3 G2 Esports
77%
Stage 2 Astralis
75%
Stage 2 Aurora Gaming
73%
Stage 2 TYLOO
71%
Stage 3 Pain Gaming
69%
Stage 1 PARIVISION
69%
Stage 1 B8
67%
Stage 1 Ninjas in Pyjamas
67%
Stage 1 Fnatic
65%
Stage 1 Legacy
64%
Stage 1 Lynn Vision Gaming
62%
Stage 1 The Huns Esports
62%
Stage 2 3DMAX
61%
Stage 1 FlyQuest
61%
Stage 1 M80
61%
Stage 2 MIBR
60%
Stage 2 Passion UA
60%
Stage 1 GamerLegion
55%
Stage 1 Imperial Esports
55%
Stage 1 Rare Atom
54%
Stage 1 RED Canids
52%
Stage 1 NRG
51%
Stage 1 Fluxo
46%
No matching quizzes found
Score Distribution
Percent of People with Each Score
Percentile by Number Answered
Your Score History
You have not taken this quiz